66 Affiches de films MARVEL - Statistiques

Statistiques générales
  • Ce quiz a été pris 244 fois
  • Le résultat moyen est 38 sur 66
Statistiques - réponses
Par images Réponse % Correct
Ant Man
99%
Ant Man et la Guêpe
95%
Avengers
91%
Black Panther
87%
Deadpool
87%
Avengers : l'Ere d'Ultron
82%
Les Gardiens de la Galaxie
82%
Spiderman
82%
Doctor Strange
79%
Xmen
79%
Avengers : Infinity War
78%
Iron Man
78%
Deadpool 2
76%
Iron Man 2
76%
Iron Man 3
76%
Venom
76%
Avengers : Endgame
75%
Thor
75%
The Amazing Spiderman
74%
Spiderman 2
73%
Spiderman 3
72%
Captain Marvel
71%
Deadpool et Wolverine
71%
Thor : Ragnarok
70%
Black Widow
69%
Black Panther : Wakanda Forever
68%
Spiderman : Homecoming
67%
Spiderman : No way home
67%
Captain America : Civil War
66%
Thor : Love and thunder
65%
L'Incroyable Hulk
64%
Spiderman : Far from home
64%
Blade
62%
The Amazing Spiderman 2
62%
Logan
58%
Ant Man et la Guêpe : Quantumania
57%
Captain America : Le Soldat de l'Hiver
55%
Les Gardiens de la Galaxie Vol 2
55%
Captain America : First Avenger
54%
Les Eternels
53%
Les Gardiens de la Galaxie Vol 3
53%
Daredevil
52%
Madame Web
51%
Les Quatre Fantastiques
49%
The Marvels
49%
Blade 2
48%
Thor : le Monde des ténèbres
46%
Captain America : Brave new world
44%
Doctor Strange in the Multiverse of Madness
44%
Morbius
43%
Elektra
42%
Xmen : Apocalypse
40%
Kraven le Chasseur
36%
Xmen : Dark phoenix
36%
Venom : The last dance
35%
Xmen : le commencement
35%
Venom : Let there be carnage
32%
Xmen : Days of future past
30%
Blade : Trinity
28%
Les Nouveaux mutants
28%
Wolverine : Le combat de l'immortel
28%
Xmen : l'Affrontement final
26%
Xmen Origins : Wolverine
25%
Les Quatre Fantastiques et le Surfer d'argent
24%
X2 : Xmen United
3%
Shang chi et le légende des dix anneaux
1%
Aucun quiz correspondant
Distribution des résultats
% des personnes avec chaque résultat
Percentile par nombre de réponses
Votre historique - résultats
Vous n’avez pas pris ce quiz